Comentarios a los cuatro Evangelios. (Record no. 170796)
[ view plain ]
| 000 -LEADER | |
|---|---|
| campo de control de longitud fija | 00911nam a2200229 i 4500 |
| 001 - NÚMERO DE CONTROL | |
| campo de control | 170796 |
| 003 - IDENTIFICADOR DE NÚMERO DE CONTROL | |
| campo de control | ES-MaACL |
| 005 - FECHA Y HORA DE LA ÚLTIMA TRANSACCIÓN | |
| campo de control | 20250917063059.0 |
| 008 - DATOS DE LONGITUD FIJA--INFORMACIÓN GENERAL | |
| campo de control de longitud fija | 090407s1954 sp |||| | spa d |
| 100 1# - ENTRADA PRINCIPAL--NOMBRE DE PERSONA | |
| Nombre de persona | Maldonado, Juan de, |
| Fechas asociadas al nombre | 1533-1583 |
| 9 (RLIN) | 162949 |
| 245 10 - MENCIÓN DEL TÍTULO | |
| Título | Comentarios a los cuatro Evangelios. |
| Número de parte o sección de la obra | III, |
| Nombre de parte o sección de la obra | Evangelio de San Juan / |
| Mención de responsabilidad, etc. | Juan de Maldonado ; versión castellana, introducciones y notas por Luis María Jiménez Font. |
| 246 30 - FORMA VARIANTE DEL TITULO | |
| Título propio/Titulo breve | Evangelio de San Juan |
| 246 34 - FORMA VARIANTE DEL TITULO | |
| Título propio/Titulo breve | Comentarios a San Juan |
| 260 ## - PUBLICACIÓN, DISTRIBUCIÓN, ETC. | |
| Lugar de publicación, distribución, etc. | Madrid : |
| Nombre del editor, distribuidor, etc. | Editorial Católica, |
| Fecha de publicación, distribución, etc. | 1954. |
| 300 ## - DESCRIPCIÓN FÍSICA | |
| Extensión | VII, 1047 p. ; |
| Dimensiones | 20 cm. |
| 490 1# - MENCIÓN DE SERIE | |
| Mención de serie | Biblioteca de autores cristianos ; |
| Designación de volumen o secuencia | 112 |
| 630 04 - PUNTO DE ACCESO ADICIONAL DE MATERIA--TÍTULO UNIFORME | |
| Título uniforme | Biblia. |
| Nombre de parte o sección de la obra | N.T. |
| -- | Evangelio según Juan- |
| Subdivisión de forma | Comentarios. |
| 9 (RLIN) | 144758 |
| 700 1# - ENTRADA AGREGADA--NOMBRE PERSONAL | |
| Nombre de persona | Jiménez Font, Luis María. |
| 9 (RLIN) | 66524 |
| 830 00 - PUNTO DE ACCESO ADICIONAL DE SERIE-TÍTULO UNIFORME | |
| Título uniforme | Biblioteca de autores cristianos |
| Designación de volumen o secuencia | 112 |
| 9 (RLIN) | 178679 |
| 852 ## - LOCALIZACIÓN | |
| Ubicación | ES-MaACL |
| Número de control de estantería | J-110 |
| Estatus retirado | Estado de pérdida | Estado de daño | No para préstamo | Biblioteca de origen | Biblioteca actual | Ubicación en estantería | Fecha de adquisición | Fuente de adquisición | Total de préstamos | Signatura topográfica completa | Código de barras | Visto por última vez | Precio de reemplazo | Tipo de ítem Koha |
|---|---|---|---|---|---|---|---|---|---|---|---|---|---|---|
| Biblioteca del Ateneo de Madrid | Biblioteca del Ateneo de Madrid | Depósito 2 | 07/04/2009 | J-110 | 1179250 | 23/02/2023 | 23/02/2023 | Libro impreso |
